000 01348nam a22003617a 4500
003 CHAP
005 20220329143055.0
008 060113s2000 mx r m00010 spa d
010 _a91552
011 _a92524
020 _a9706135561
035 _a103089
040 _cCHAP
082 0 4 _a658.1
_bP3
100 1 _aPfeffer, Jeffrey
_987728
245 1 0 _aNuevos rumbos en la teoría de la organización :
_bproblemas y posibiliades
_c/por Jeffrey Pfeffer
260 _aOxford :
_bUniversity Press,
_c2000
300 _a346 p.
590 _aBATCH-UPD
_b10
_c20130110
_lUCH01
_h2018
590 _aBATCH-UPD
_b10
_c20130410
_lUCH01
_h0002
590 _aBATCH-UPD
_b10
_c20130914
_lUCH01
_h1852
590 _aCONVERSION
_b10
_c20130109
_lUCH01
_h1351
650 1 4 _aOrganización.
_983533
650 1 4 _aPsicología industrial.
_992613
901 _aBK
905 _aLilia
942 _cLIBRO
949 _a658.1 P3
_bBC
_cLIBRO
_d33724000963633
_eLIBRO
_fc.3
_h107600
_i103089
_sb
_t250
949 _a658.1 P3
_bBC
_cLIBRO
_d33724000963690
_eLIBRO
_h107598
_i103089
_kc/e
_sb
_t$250.00
949 _a658.1 P3
_bBC
_cLIBRO
_d33724002075637
_eLIBRO
_fc.4
_gI.c/e
_h110171
_i103089
_sb
_t$250.00
949 _a658.1 P3
_bBC
_cLIBRO
_d33724002076322
_eLIBRO
_fc.5
_gI.c/e
_h110170
_i103089
_sb
_t$250.00
949 _a658.1P3
_bBC
_cLIBRO
_d33724000963757
_eLIBRO
_fc.2
_h107599
_i103089
_si
_t250
999 _c91552
_d91552